|
|
|
|
| LEADER |
00639nab a2200193 i 4500 |
| 001 |
publ30211 |
| 005 |
20240522100502.0 |
| 008 |
240522s2010 hu o 000 hun d |
| 022 |
|
|
|a 1219-8641
|
| 024 |
7 |
|
|a 1935252
|2 mtmt
|
| 040 |
|
|
|a SZTE Publicatio Repozitórium
|b hun
|
| 041 |
|
|
|a hun
|
| 100 |
1 |
|
|a Bálint Beatrix
|
| 245 |
1 |
0 |
|a Közösségben szerzett pneumónia - IDSA/ATS 2007
|h [elektronikus dokumentum] /
|c Bálint Beatrix
|
| 260 |
|
|
|c 2010
|
| 300 |
|
|
|a 98-103
|
| 490 |
0 |
|
|a HÁZIORVOS TOVÁBBKÉPZŐ SZEMLE
|v 15 No. 2
|
| 650 |
|
4 |
|a Légzőrendszer
|
| 856 |
4 |
0 |
|u http://publicatio.bibl.u-szeged.hu/30211/1/aok_klny_103_10.pdf
|z Dokumentum-elérés
|